El legado de Francois Villon

Guardat en:
Dades bibliogràfiques
Autor principal: Villon, Francois (Autor)
Format: Llibre
Idioma:espanyol
Publicat: Valparaíso Universitaria 1970
Edició:1a. ed
Matèries:
Etiquetes: Afegir etiqueta
Sense etiquetes, Sigues el primer a etiquetar aquest registre!

MARC

LEADER 00000nam a2200000 a 4500
001 UCY1659
003 CL-VaPUC
008 940912e19700000CL |||||||||||||||||spa|d
082 0 4 |a 841  |b VIL  |2 21 
100 0 |a Villon, Francois  |e author  |9 329667 
245 1 3 |a El legado de Francois Villon 
246 1 0 |a Epístola a mis amigos 
246 1 0 |a Balada de los cosas chicas 
250 |a 1a. ed 
300 |a 6 p 
942 |c BK 
945 |d 19940912 00:00:00  |a oaravena 
260 |a Valparaíso  |b Universitaria  |c 1970 
650 0 |a Poesías francesas  |9 265467 
650 0 |a Literatura francesa  |9 266330 
583 |a last modification  |c 19940912 00:00:00  |k Rodrigo Vera 
999 |c 230296  |d 230294 
952 |0 0  |1 0  |4 0  |6 841_000000000000000_VIL_1970  |7 0  |8 A  |9 232447  |a BIBART  |b BIBART  |d 2019-11-15  |i 301651K  |o 841 VIL 1970  |p 301651K  |r 2025-03-13  |w 2019-11-15  |y BK  |k ART 
952 |0 0  |1 0  |4 0  |6 841_000000000000000_VIL_1970  |7 0  |8 X  |9 232448  |a FDOBUD  |b FDOBUD  |d 2019-11-15  |i 1024698  |o 841 VIL 1970  |p 1024698  |r 2019-11-15  |w 2019-11-15  |y BK_X  |k BUD